000
00314nam a22001457a 4500
008
230531b ||||| |||| 00| 0 eng d
020
_a
0205380271
041
_a
eng
080
_a
159.9
082
_a
159.9MUR
100
_a
25
101
_a
PSI
245
_a
EDUCATIONAL PSYCHOLOGY
_c
MURPHY D
942
_2
udc
_c
BK
999
_c
59882
_d
59882